عيد ين ا و ر تہو ا ر (Record no. 164166)

MARC details
000 -LEADER
fixed length control field 00703nam a22001937a 4500
005 - DATE AND TIME OF LATEST TRANSACTION
control field 20190513132443.0
010 ## - LCCN (DPL NO)
LC control number UR-10101
020 ## - INTERNATIONAL STANDARD BOOK NUMBER
Terms of availability 300.00
International Standard Book Number 9789386624482
035 ## - SYSTEM CONTROL NUMBER
System control number U-8656
037 ## - SOURCE OF ACQUISITION
Source of stock number/acquisition DBAD/PUB
082 ## - DEWEY DECIMAL CLASSIFICATION NUMBER
Classification number 39402
100 ## - MAIN ENTRY--PERSONAL NAME
Personal name محمد ر ضی ا لد ين معظم
245 ## - TITLE STATEMENT
Title عيد ين ا و ر تہو ا ر
Statement of responsibility, etc محمد ر ضی ا لد ين معظم
246 ## - VARYING FORM OF TITLE
Remainder of title ‏Eidein Aur Tehwar(Urdu)
Title proper/short title by Mohd. Raziuddin Moazzam
260 ## - PUBLICATION, DISTRIBUTION, ETC. (IMPRINT)
Place of publication, distribution, etc Delhi
Name of publisher, distributor, etc Educational Publishing House
Date of publication, distribution, etc 2017 ء
270 ## - ADDRESS
Address 3191،Vakil Street,Kucha Pandit,Lal Kuan,
City Delhi
Postal code 110006
Telephone number 23216162
Fax number 00911123211540
300 ## - PHYSICAL DESCRIPTION
Extent 304ص
Dimensions 22 Cm.(bk)
942 ## - ADDED ENTRY ELEMENTS (KOHA)
Source of classification or shelving scheme Dewey Decimal Classification
Item type Urdu Bks
Classification part 394.2
Call number suffix م ح م
Holdings
Withdrawn status Lost status Not for loan Collection code Home library Current library Date acquired Source of acquisition Cost, normal purchase price Full call number Barcode Copy number Cost, replacement price Koha item type
    Not For Loan Non-fiction D.B.Act.Division D.B.Act.Division 13/05/2019 DBAD/PUB 300.00 394.2 م ح م U-8656 1 300.00 Urdu Bks

© Delhi Public Library
Hit Counter
free hit counter